000 00610nam a2200217Ia 4500
008 101110s9999 xx 000 0 und d
041 _aMARATHI
082 _bSR31452
100 _aShamali M.M.
245 _aDr. Shankar Shesh : aadhunik hindi ke pratinidhi natatkar
260 _c2007
_bJawahar Pustakalay, Mathura
300 _a168
365 _b300
520 _aHindi
546 _aMARATHI
630 _aDr. Shankar Shesh : aadhunik hindi ke pratinidhi natatkar
650 _aHindi
655 _aHindi
730 _aDr. Shankar Shesh : aadhunik hindi ke pratinidhi natatkar
942 _cBOOK
999 _c823954
_d823951